| 000 | 00502nam a2200181Ia 4500 | ||
|---|---|---|---|
| 008 | 151018s9999 xx 000 0 und d | ||
| 082 |
_bRBASDV11834 _a920 |
||
| 100 | _aम स पारखे | ||
| 245 | _aजन्मदा | ||
| 250 | _b1 | ||
| 260 |
_bसौ.पारखे कामालाबाई _c1977 |
||
| 300 | _a232 | ||
| 600 | _aम स पारखे | ||
| 630 | _aजन्मदा | ||
| 700 | _aम स पारखे | ||
| 730 | _aजन्मदा | ||
| 942 | _cBOOK | ||
| 999 |
_c1014176 _d1014173 |
||